01505nmm a2200433 a 4500003000900000005001700009008004100026020001800067040001300085245003300098250001200131260007500143300001100218500007200229504005600301650002100357650001700378650001700395650001600412650001500428650001800443650001900461650002300480653002200503653002300525700003100548700003900579700003800618700003100656700005700687700004300744700003300787700003700820700004600857700003700903700004000940700005500980700003601035AR-BaBNM20251128203521.0216019s1988 ||||||||||||||000 | spa|| a950-01-0331-1 cAR-BaBNM10aEducación de la sexualidad a1ª ed. aBuenos AiresbCentro de Estudios Educativos de la FECICbEstradac19880 a131 p.1 aF.E.C.I.C.:Fundación para la Educación, la Ciencia y la Cultura aContiene bibliografía al final de cada capítulo 4aEDUCACION SEXUAL 4aADOLESCENTES 4aADOLESCENCIA 4aAFECTIVIDAD 4aSEXUALIDAD 4aSEXO FEMENINO 4aSEXO MASCULINO 4aRELACIONES HUMANAS 0aEDUCACION INICIAL 0aEDUCACION PRIMARIA1 aRay, Carlos Abeledirector1 aCambiano, Carlos Albertoedirector1 aBottini de Rey, Zelmiraedirector1 aAras, Robertoecolaborador1 aArzamendia de Castelucci, María Lidiaecolaborador1 aBattaglia, María Teresaecolaborador1 aBouzas, Lilianaecolaborador1 aFernández, Carlosecolaborador1 aGiovannini, María Cristinaecolaborador1 aLeiva, Luis Enriqueecolaborador1 aMerchante, Fermín R.ecolaborador1 aProfili de Cambiano, María Cristinaecolaborador1 aVaucherer, Gerardoecolaborador